[Event "EU-ch U12 31st"]
[Site "Mamaia"]
[Date "2023.09.13"]
[Round "8"]
[White "Dumbelovic, Novak"]
[Black "Buyuk, Eymen Eren"]
[Result "1-0"]
[WhiteElo "2029"]
[BlackElo "1977"]
[PlyCount "139"]
[EventDate "2023.09.05"]
[EventType "swiss"]
[EventRounds "9"]
[EventCountry "ROU"]
[SourceTitle "EXT 2024"]
[Source "ChessBase"]
[SourceDate "2023.10.10"]
[SourceVersion "1"]
[SourceVersionDate "2023.10.10"]
[SourceQuality "1"]

1. e4 c5 2. Nf3 e6 3. d4 cxd4 4. Nxd4 Nf6 5. Nc3 d6 6. g4 h6 7. Rg1 Nc6 8. Be3 Be7 9. Qe2 Bd7 10. 0-0-0 Nxd4 11. Bxd4 e5 12. Be3 Rc8 13. f3 Rxc3 14. bxc3 Qa5 15. Qc4 0-0 16. Qb4 Qc7 17. Bd3 Be6 18. Qb2 Nd7 19. g5 hxg5 20. Bxg5 f6 21. Bh6 Rf7 22. Rg3 Nc5 23. Rdg1 Bf8 24. Kd2 d5 25. exd5 Bxd5 26. Qb5 Qc8 27. Be3 a6 28. Qa5 b5 29. c4 bxc4 30. Bg6 Rb7 31. Ke2 Be6 32. Rd1 Rc7 33. h4 f5 34. Bg5 Nd7 35. h5 c3 36. h6 Rc5 37. Qd8 gxh6 38. Bh4 Bc4+ 39. Kf2 Qxd8 40. Bxd8 f4 41. Rg4 Be6 42. Bf5+ Kf7 43. Bxe6+ Kxe6 44. Rg6+ Kf7 45. Rxa6 Ke8 46. Ra8 Rc6 47. Bh4+ Kf7 48. Rxd7+ Ke6 49. Rda7 Bc5+ 50. Ke2 Bxa7 51. Rxa7 Rd6 52. Be1 h5 53. Bxc3 h4 54. Rh7 Kd5 55. Rxh4 Ra6 56. Rh5 Rxa2 57. Rxe5+ Kc4 58. Bd2 Rxc2 59. Re4+ Kd5 60. Rxf4 Ke5 61. Re4+ Kf5 62. Ra4 Rc8 63. Ra5+ Kf6 64. f4 Rc6 65. Kf3 Rc2 66. Be3 Rc3 67. Ke4 Rc8 68. Ra6+ Kf7 69. f5 Re8+ 70. Kf4 1-0

[Event "EU-chT U12"]
[Site "Iasi"]
[Date "2023.07.28"]
[Round "5.1"]
[White "Buyuk, Eymen Eren"]
[Black "Shilon Rahav, Eliran"]
[Result "1-0"]
[WhiteElo "1839"]
[BlackElo "1872"]
[PlyCount "113"]
[EventDate "2023.07.24"]
[EventType "team-swiss"]
[EventRounds "7"]
[EventCountry "ROU"]
[SourceTitle "CBM 215 Extra"]
[Source "ChessBase"]
[SourceDate "2023.09.30"]
[SourceVersion "1"]
[SourceVersionDate "2023.09.30"]
[SourceQuality "1"]
[WhiteTeam "Turkey U12"]
[BlackTeam "Israel U12"]
[WhiteTeamCountry "TUR"]
[BlackTeamCountry "ISR"]

1. d4 d5 2. Nf3 e6 3. Bf4 c5 4. e3 Nc6 5. c3 Nf6 6. Nbd2 Bd6 7. Bg3 0-0 8. Bb5 Ne7 9. Bd3 b6 10. e4 dxe4 11. Nxe4 Nxe4 12. Bxe4 Nd5 13. dxc5 Bxc5 14. Qd3 h6 15. 0-0-0 Bb7 16. Qe2 Qe8 17. Bc2 a5 18. Qe4 g6 19. Qh4 Kg7 20. c4 Be7 21. Qd4+ Nf6 22. Qxb6 Bxf3 23. gxf3 Qc8 24. Qd4 Rd8 25. Qc3 Bb4 26. Rxd8 Qxd8 27. Qe3 Rc8 28. Rd1 Qe7 29. a3 Bc5 30. Qc3 Kg8 31. Bf4 Nh5 32. Bxh6 Bxf2 33. Qxa5 Rxc4 34. Bg5 Qb7 35. Qd8+ Kg7 36. Qd3 Rd4 37. Qc3 e5 38. Rf1 f6 39. Bxf6+ Nxf6 40. Rxf2 Qd5 41. Rg2 Rc4 42. Qe3 Qc6 43. Kb1 Rf4 44. Qxe5 Qxf3 45. Rxg6+ Kf7 46. Qc7+ Ke6 47. Qb6+ Kf7 48. Rg1 Ng4 49. Qc7+ Kf6 50. h3 Ne5 51. Qd6+ Kf7 52. Qxe5 Kf8 53. Qd6+ Kf7 54. Bg6+ Kg8 55. Bh5+ Rg4 56. Rxg4+ Kh8 57. Qh6# 1-0

[Event "EU-chT U12"]
[Site "Iasi"]
[Date "2023.07.25"]
[Round "2.1"]
[White "Buyuk, Eymen Eren"]
[Black "Gloeckler, Christian"]
[Result "0-1"]
[WhiteElo "1839"]
[BlackElo "2318"]
[PlyCount "66"]
[EventDate "2023.07.24"]
[EventType "team-swiss"]
[EventRounds "7"]
[EventCountry "ROU"]
[SourceTitle "CBM 215 Extra"]
[Source "ChessBase"]
[SourceDate "2023.09.30"]
[SourceVersion "1"]
[SourceVersionDate "2023.09.30"]
[SourceQuality "1"]
[WhiteTeam "Turkey U12"]
[BlackTeam "Germany U12"]
[WhiteTeamCountry "TUR"]
[BlackTeamCountry "GER"]

1. d4 Nf6 2. c4 e6 3. Nc3 Bb4 4. e3 0-0 5. Nge2 c6 6. a3 Ba5 7. b4 Bc7 8. e4 d5 9. cxd5 exd5 10. e5 Nfd7 11. f4 Qe7 12. g3 f6 13. Bg2 fxe5 14. dxe5 Nxe5 15. fxe5 Bxe5 16. Bb2 Nd7 17. Na4 Bxb2 18. Nxb2 Nb6 19. Qd4 a5 20. Qc5 Qe5 21. Qd4 Qxd4 22. Nxd4 axb4 23. Rf1 Re8+ 24. Kd2 bxa3 25. Nd3 Nc4+ 26. Kc3 a2 27. Nc2 Re2 28. Bf3 Rxh2 29. Rae1 Bf5 30. Re2 Rxe2 31. Bxe2 Re8 32. Bh5 g6 33. Rxf5 Ne3 0-1

[Event "EU-ch U12 30th"]
[Site "Antalya"]
[Date "2022.11.11"]
[Round "6"]
[White "Senel, Hayri Beyhun"]
[Black "Buyuk, Eymen Eren"]
[Result "1/2-1/2"]
[WhiteElo "1964"]
[BlackElo "1696"]
[PlyCount "28"]
[EventDate "2022.11.06"]
[EventType "swiss"]
[EventRounds "9"]
[EventCountry "TUR"]
[SourceTitle "EXT 2024"]
[Source "ChessBase"]
[SourceDate "2023.10.10"]
[SourceVersion "1"]
[SourceVersionDate "2023.10.10"]
[SourceQuality "1"]

1. d4 d5 2. Bf4 Nf6 3. e3 e6 4. Nf3 c5 5. Nbd2 Nc6 6. c3 Be7 7. h3 b6 8. Bd3 Bb7 9. 0-0 0-0 10. Bh2 a6 11. a4 Qd7 12. Qb1 Rfc8 13. Ne5 Qe8 14. f4 g6 1/2-1/2

[Event "TUR Cup"]
[Site "Adapazari"]
[Date "2022.04.01"]
[Round "11"]
[White "Buyuk, Eymen Eren"]
[Black "Topuz, Mirac Melih"]
[Result "1-0"]
[WhiteElo "1657"]
[BlackElo "1515"]
[PlyCount "81"]
[EventDate "2022.03.25"]
[EventType "swiss"]
[EventRounds "11"]
[EventCountry "TUR"]
[SourceTitle "EXT 2023"]
[Source "ChessBase"]
[SourceDate "2022.10.05"]
[SourceVersion "1"]
[SourceVersionDate "2022.10.05"]
[SourceQuality "1"]

1. d4 d5 2. c4 e6 3. Nc3 Nf6 4. cxd5 exd5 5. Bg5 c6 6. e3 Be7 7. Qc2 h6 8. Bh4 0-0 9. Bd3 Re8 10. Nge2 a5 11. 0-0 Ne4 12. Bxe7 Qxe7 13. Rae1 b5 14. Nd1 f5 15. f3 Nd6 16. Ng3 Qf6 17. Nf2 Bd7 18. Nh5 Qf7 19. g4 Na6 20. a3 Nc7 21. Nh3 Re7 22. Ng3 Rae8 23. e4 f4 24. Nh5 dxe4 25. fxe4 Qg6 26. N3xf4 Qxg4+ 27. Kh1 Rf7 28. Re2 Qh4 29. Rg2 Bh3 30. Nxh3 Rxf1+ 31. Bxf1 Qxh5 32. e5 Qf5 33. exd6 Qxf1+ 34. Ng1 Nd5 35. Rf2 Qe1 36. Qg6 Kh8 37. d7 Rg8 38. Re2 Qh4 39. Re8 Nc7 40. d8Q Nxe8 41. Qxh4 1-0

[Event "TUR Cup"]
[Site "Adapazari"]
[Date "2022.03.31"]
[Round "10"]
[White "Ererdem, Gani Eren"]
[Black "Buyuk, Eymen Eren"]
[Result "1-0"]
[WhiteElo "2134"]
[BlackElo "1657"]
[PlyCount "133"]
[EventDate "2022.03.25"]
[EventType "swiss"]
[EventRounds "11"]
[EventCountry "TUR"]
[SourceTitle "EXT 2023"]
[Source "ChessBase"]
[SourceDate "2022.10.05"]
[SourceVersion "1"]
[SourceVersionDate "2022.10.05"]
[SourceQuality "1"]

1. d4 d5 2. Nf3 Nf6 3. g3 Bf5 4. Bg2 e6 5. 0-0 Be7 6. c4 c6 7. Nc3 0-0 8. Nh4 Bg6 9. Nxg6 hxg6 10. b3 Nbd7 11. Bb2 a5 12. Qc2 Rc8 13. Rad1 b5 14. e4 b4 15. Na4 Nxe4 16. Bxe4 dxe4 17. Qxe4 Bf6 18. Rd2 Qc7 19. Rfd1 Rfd8 20. a3 c5 21. axb4 axb4 22. Qe1 Qa5 23. Rd3 Re8 24. dxc5 Nxc5 25. Nxc5 Qxc5 26. Bxf6 gxf6 27. Rd7 Ra8 28. Rb7 Reb8 29. Rxf7 Kxf7 30. Rd7+ Qe7 31. Rxe7+ Kxe7 32. Qe4 Kf7 33. h4 Ra5 34. h5 Rxh5 35. Qc6 Re8 36. Qb7+ Re7 37. Qxb4 Rc7 38. Qb8 Rhc5 39. Qh8 Rh5 40. Qb8 Rhc5 41. Kg2 Rc8 42. Qd6 R8c7 43. f4 R5c6 44. Qd3 Rb7 45. b4 Ke7 46. b5 Rc5 47. Qd4 Rc8 48. c5 Rd7 49. Qb4 Kf7 50. b6 Rb7 51. Qb5 Rcb8 52. Qc6 Ke7 53. Qd6+ Kf7 54. Kf3 f5 55. Ke3 Kf6 56. Kd4 Rc8 57. Kc4 Kf7 58. Kb5 Rcb8 59. Qd1 Ke7 60. Qh1 Kf7 61. Qxb7+ Rxb7 62. c6 Rb8 63. c7 Re8 64. b7 e5 65. c8Q Rxc8 66. bxc8Q exf4 67. gxf4 1-0

[Event "TUR Cup"]
[Site "Adapazari"]
[Date "2022.03.27"]
[Round "4"]
[White "Buyuk, Eymen Eren"]
[Black "Danaci, Ege"]
[Result "1/2-1/2"]
[WhiteElo "1657"]
[BlackElo "2264"]
[PlyCount "83"]
[EventDate "2022.03.25"]
[EventType "swiss"]
[EventRounds "11"]
[EventCountry "TUR"]
[SourceTitle "EXT 2023"]
[Source "ChessBase"]
[SourceDate "2022.10.05"]
[SourceVersion "1"]
[SourceVersionDate "2022.10.05"]
[SourceQuality "1"]

1. d4 Nf6 2. c4 g6 3. Nc3 Bg7 4. e4 d6 5. Be2 0-0 6. g4 c5 7. d5 e6 8. f3 exd5 9. cxd5 Na6 10. Kf1 Nc7 11. h4 a6 12. a4 h5 13. Nh3 hxg4 14. fxg4 Nd7 15. Kg2 Ne5 16. h5 gxh5 17. gxh5 f5 18. h6 Bf6 19. Rf1 Ng6 20. exf5 Bxf5 21. Bg4 Bxc3 22. Bxf5 Nh4+ 23. Kh1 Nxf5 24. Qg4+ Kh8 25. bxc3 Ng3+ 26. Qxg3 Rxf1+ 27. Kg2 Rf7 28. c4 Qf6 29. Rb1 Qf1+ 30. Kh2 Qe2+ 31. Qg2 Qxg2+ 32. Kxg2 Rg8+ 33. Kh2 b5 34. axb5 axb5 35. Ng5 Rf2+ 36. Kg3 Rc2 37. Kh4 Rxc4+ 38. Kh5 Nxd5 39. Bb2+ Nc3 40. Re1 Rf8 41. Re7 b4 42. Rh7+ 1/2-1/2

[Event "EU-ch U08"]
[Site "Bratislava"]
[Date "2019.08.09"]
[Round "8"]
[White "Karimli, Yusif"]
[Black "Buyuk, Eymen Eren"]
[Result "1-0"]
[WhiteElo "1658"]
[BlackElo "1543"]
[PlyCount "89"]
[EventDate "2019.08.02"]
[EventType "swiss"]
[EventRounds "9"]
[EventCountry "SVK"]
[SourceTitle "EXT 2020"]
[Source "ChessBase"]
[SourceDate "2019.10.17"]
[SourceVersion "1"]
[SourceVersionDate "2019.10.17"]
[SourceQuality "1"]

1. d4 f5 2. Bf4 Nf6 3. e3 g6 4. Nf3 Bg7 5. Be2 0-0 6. 0-0 d6 7. Nbd2 Bd7 8. c3 Qc8 9. Qb3+ Be6 10. Bc4 d5 11. Be2 Ne4 12. c4 c6 13. Nxe4 fxe4 14. Ng5 h6 15. Nxe6 Qxe6 16. Qxb7 Nd7 17. cxd5 cxd5 18. Rac1 g5 19. Bg3 Nf6 20. Rc6 Qf7 21. Be5 Rfd8 22. Rc7 Rdb8 23. Qc6 Rd8 24. Rc1 Ne8 25. Bg4 Kf8 26. Bxg7+ Qxg7 27. Rb7 h5 28. Bxh5 Nf6 29. Bd1 Rd6 30. Qa4 Kf7 31. Rcc7 Re6 32. Qb4 Qf8 33. Bb3 Re8 34. Qc5 Kg7 35. Bxd5 Ng4 36. f4 exf3 37. Bxf3 Qf4 38. Rxe7+ Kg6 39. Rg7+ Kh6 40. Rh7+ Kg6 41. Rbg7+ Kf6 42. Rf7+ Kg6 43. Rxf4 gxf4 44. Qh5+ Kf6 45. Rf7# 1-0

[Event "EU-ch U08"]
[Site "Bratislava"]
[Date "2019.08.07"]
[Round "6"]
[White "Borsch, Alexander1111"]
[Black "Buyuk, Eymen Eren"]
[Result "0-1"]
[WhiteElo "1282"]
[BlackElo "1543"]
[PlyCount "58"]
[EventDate "2019.08.02"]
[EventType "swiss"]
[EventRounds "9"]
[EventCountry "SVK"]
[SourceTitle "EXT 2020"]
[Source "ChessBase"]
[SourceDate "2019.10.17"]
[SourceVersion "1"]
[SourceVersionDate "2019.10.17"]
[SourceQuality "1"]

1. e4 e6 2. d4 d5 3. Nc3 Nf6 4. Bg5 Be7 5. e5 Nfd7 6. h4 0-0 7. Qd3 c5 8. f4 Nc6 9. Nf3 Qb6 10. Bxe7 Nxe7 11. Ng5 Nf5 12. g4 c4 13. Qd2 Nxd4 14. 0-0-0 Nc6 15. h5 Qa5 16. h6 g6 17. Nf3 b5 18. Nd4 Nxd4 19. Qxd4 b4 20. Nxd5 Qxd5 21. Qxd5 exd5 22. Rxd5 Bb7 23. Rxd7 Bxh1 24. Bxc4 Bf3 25. e6 fxe6 26. Bxe6+ Kh8 27. f5 Rad8 28. fxg6 Rxd7 29. Bxd7 hxg6 0-1

[Event "EU-ch U08"]
[Site "Bratislava"]
[Date "2019.08.02"]
[Round "1"]
[White "Norkeliunas, Sarunas"]
[Black "Buyuk, Eymen Eren"]
[Result "0-1"]
[WhiteElo "1030"]
[BlackElo "1543"]
[PlyCount "146"]
[EventDate "2019.08.02"]
[EventType "swiss"]
[EventRounds "9"]
[EventCountry "SVK"]
[SourceTitle "EXT 2020"]
[Source "ChessBase"]
[SourceDate "2019.10.17"]
[SourceVersion "1"]
[SourceVersionDate "2019.10.17"]
[SourceQuality "1"]

1. e4 e6 2. d4 d5 3. Bd3 Bd7 4. exd5 exd5 5. Nc3 Nf6 6. Bg5 c6 7. Nf3 Bd6 8. 0-0 0-0 9. Ne5 h6 10. Bxf6 Qxf6 11. f4 Be6 12. Rf3 a6 13. Qe1 Nd7 14. Qg3 Bf5 15. Rc1 Rad8 16. Re1 Rfe8 17. Rfe3 Nb6 18. Ng4 Qxd4 19. Ne2 Rxe3 20. Nxe3 Qf6 21. Nxf5 Bc5+ 22. Kh1 Re8 23. Nc3 Re6 24. a3 g6 25. Rxe6 fxe6 26. Nxh6+ Kg7 27. Ng4 Qd4 28. Qe1 Qxf4 29. Qe5+ Qxe5 30. Nxe5 g5 31. Nf3 Kf6 32. b4 Bd6 33. g4 e5 34. Be2 e4 35. Nd2 Bf4 36. Nb3 Ke5 37. a4 d4 38. a5 Nd7 39. Na2 Kd5 40. Kg2 Bd6 41. Nd2 Ne5 42. Nb3 Ng6 43. Kf2 Nf4 44. Bf1 Ne6 45. Bg2 Nf4 46. Bf1 Ng6 47. Bg2 Nh4 48. Bf1 Nf3 49. h3 Nh4 50. c4+ Ke5 51. c5 Be7 52. Ke2 Bf6 53. Nd2 Kf4 54. Nc4 d3+ 55. Ke1 Nf3+ 56. Kd1 Ne5 57. Nb2 Kf3 58. Nc1 Kf2 59. Ncxd3+ exd3 60. Nxd3+ Kxf1 61. Nxe5 Bxe5 62. Kd2 Kg2 63. h4 gxh4 64. g5 Bf4+ 65. Kd3 Bxg5 66. Ke4 h3 67. Kd3 h2 68. b5 h1Q 69. b6 Qd1+ 70. Kc3 Bf6+ 71. Kb4 Qd3 72. Ka4 Bb2 73. Kb4 Qb5# 0-1